[Event "Frauenbundesliga 2016/2017"]
[Site "Wien / St. Veit / Jenbach"]
[Date "2017.01.15"]
[Round "2"]
[Board "1"]
[White "Mar, Karmen"]
[Black "Saler-Grafenberger, Elisabeth"]
[Result "1-0"]
[WhiteElo "2087"]
[BlackElo "1918"]
[PlyCount "63"]
[EventDate "2017.01.14"]
[EventType "team"]
[EventRounds "7"]
[EventCountry "AUT"]
[WhiteTeam "SC Extraherb WS"]
[BlackTeam "Spg. Steyr"]

1. e4 d6 2. d4 Nf6 3. Nc3 e5 4. Nf3 Nbd7 5. Bc4 Be7 6. O-O O-O 7. Re1 c6 8. a4
Qc7 9. h3 h6 10. b3 Re8 11. Bb2 Nf8 12. Bd3 Ng6 13. Ne2 Bf8 14. Ng3 Nf4 15. Bf1
Bd7 16. Qd2 Ng6 17. b4 a5 18. bxa5 Rxa5 19. Bc3 Raa8 20. a5 exd4 21. Bxd4 c5
22. Bxf6 gxf6 23. Nh5 Qd8 24. Qc3 Ne5 25. Nh4 Bg7 26. Qg3 Ng6 27. f4 f5 28.
Nxg6 fxg6 29. Qxg6 Qe7 30. exf5 Bxf5 31. Rxe7 Bxg6 32. Rxg7+ 1-0

[Event "Frauenbundesliga 2016/2017"]
[Site "Wien / St. Veit / Jenbach"]
[Date "2017.01.15"]
[Round "2"]
[Board "2"]
[White "Molnar, Monika"]
[Black "Zechner, Andrea"]
[Result "1-0"]
[WhiteElo "1823"]
[BlackElo "1867"]
[PlyCount "113"]
[EventDate "2017.01.14"]
[EventType "team"]
[EventRounds "7"]
[EventCountry "AUT"]
[WhiteTeam "Spg. Steyr"]
[BlackTeam "SC Extraherb WS"]

1. e4 c6 2. d4 d5 3. e5 Bf5 4. Bd3 Bxd3 5. Qxd3 Qa5+ 6. Nd2 Qa6 7. Qg3 e6 8. c3
Nd7 9. Ne2 Ne7 10. Nb3 Rc8 11. Qf3 Nf5 12. O-O Be7 13. Ng3 Nh4 14. Qg4 Ng6 15.
f4 O-O 16. f5 exf5 17. Nxf5 Rcd8 18. Nxe7+ Nxe7 19. Bg5 h5 20. Qxh5 Rde8 21. e6
Nf6 22. exf7+ Rxf7 23. Bxf6 gxf6 24. Rxf6 Ref8 25. Rxf7 Rxf7 26. Nc5 Qb5 27.
Ne6 Qxb2 28. Qg5+ Kh7 29. Qh4+ Kg8 30. Qg3+ Kh8 31. Re1 Nf5 32. Qb8+ Kh7 33.
Ng5+ Kg6 34. Nxf7 Kxf7 35. Qe8+ Kg7 36. Qe6 Qxc3 37. Qe5+ Kg6 38. Qe6+ Kg5 39.
Qg8+ Kh4 40. Qh7+ Kg5 41. h4+ Kf6 42. Qh8+ Ng7 43. Qh6+ Kf7 44. Rf1+ Kg8 45.
Qf4 Qd3 46. Qg4 Qe3+ 47. Kh2 Qh6 48. Rf2 b6 49. g3 c5 50. dxc5 Qe3 51. Re2 Qxc5
52. h5 Qc6 53. Qg5 Qb5 54. Rd2 Kh7 55. Qg6+ Kh8 56. h6 Ne8 57. Rf2 1-0

[Event "Frauenbundesliga 2016/2017"]
[Site "Wien / St. Veit / Jenbach"]
[Date "2017.01.15"]
[Round "2"]
[Board "3"]
[White "Majkovski, Sarah"]
[Black "Bernhard, Julia"]
[Result "0-1"]
[WhiteElo "1631"]
[BlackElo "1818"]
[PlyCount "92"]
[EventDate "2017.01.14"]
[EventType "team"]
[EventRounds "7"]
[EventCountry "AUT"]
[WhiteTeam "SC Extraherb WS"]
[BlackTeam "Spg. Steyr"]

1. e4 e5 2. Nf3 Nc6 3. Nc3 Nf6 4. d4 exd4 5. Nxd4 Bb4 6. Nxc6 Bxc3+ 7. bxc3
bxc6 8. Bd3 h6 9. Ba3 d6 10. h3 O-O 11. O-O Re8 12. Re1 Rb8 13. f4 a5 14. Qf3
Bb7 15. Rab1 Ba8 16. Rb3 c5 17. c4 a4 18. Rxb8 Qxb8 19. Kh2 Qa7 20. Re3 Qb6 21.
c3 Bc6 22. Qe2 Nd7 23. g4 Qb7 24. h4 Nf6 25. e5 Bh1 26. g5 hxg5 27. hxg5 Nh5
28. Qf1 Bc6 29. Rh3 g6 30. exd6 cxd6 31. Qf2 Bh1 32. Rh4 Re1 33. f5 Qf3 34.
Qxf3 Bxf3 35. Rxh5 Bxh5 36. fxg6 Bxg6 37. Bxg6 fxg6 38. Kg3 Re3+ 39. Kf4 Rxc3
40. Bb2 Rxc4+ 41. Ke3 Rc2 42. Bf6 Kf7 43. a3 Ra2 44. Ke4 Ke6 45. Bc3 Rxa3 46.
Be5 Re3+ 0-1

[Event "Frauenbundesliga 2016/2017"]
[Site "Wien / St. Veit / Jenbach"]
[Date "2017.01.15"]
[Round "2"]
[Board "4"]
[White "Amritzer, Martina"]
[Black "Mattersberger, Melanie"]
[Result "1/2-1/2"]
[WhiteElo "1545"]
[BlackElo "1644"]
[PlyCount "59"]
[EventDate "2017.01.14"]
[EventType "team"]
[EventRounds "7"]
[EventCountry "AUT"]
[WhiteTeam "Spg. Steyr"]
[BlackTeam "SC Extraherb WS"]

1. d4 d5 2. Bf4 Nf6 3. e3 e6 4. Nf3 Nbd7 5. c3 c5 6. Bd3 Be7 7. Ne5 Nxe5 8.
dxe5 Nd7 9. Nd2 O-O 10. Qg4 g6 11. h4 f5 12. exf6 Nxf6 13. Qe2 Nh5 14. Bh6 Rf7
15. g4 Ng7 16. Nf3 Bf6 17. Ng5 Rc7 18. O-O-O Qe7 19. f4 e5 20. Bxg7 Qxg7 21. f5
e4 22. Bc2 Bxg5 23. hxg5 gxf5 24. Rxd5 Be6 25. Rd6 Qe7 26. Rhd1 Rd7 27. Rxd7
Bxd7 28. Bb3+ Kh8 29. gxf5 Bxf5 30. Rd5 1/2-1/2

[Event "Frauenbundesliga 2016/2017"]
[Site "Wien / St. Veit / Jenbach"]
[Date "2017.03.24"]
[Round "3"]
[Board "1"]
[White "Schnegg, Anna-Lena"]
[Black "Theissl-Pokorna, Regina"]
[Result "0-1"]
[WhiteElo "2120"]
[BlackElo "2335"]
[PlyCount "110"]
[EventDate "2017.01.14"]
[EventType "team"]
[EventRounds "7"]
[EventCountry "AUT"]
[WhiteTeam "Mayrhofen/SK Zell/Zillertal"]
[BlackTeam "ASVOE Pamhagen"]

1. e4 e5 2. Nf3 Nc6 3. Bb5 a6 4. Ba4 Nf6 5. O-O Be7 6. Re1 b5 7. Bb3 d6 8. c3
O-O 9. h3 Na5 10. Bc2 d5 11. d4 dxe4 12. Nxe5 c5 13. Bg5 Bb7 14. Bxf6 Bxf6 15.
Bxe4 Bxe4 16. Rxe4 cxd4 17. Qxd4 Qc7 18. f4 Rad8 19. Qf2 Bxe5 20. Rxe5 Rd1+ 21.
Re1 Rxe1+ 22. Qxe1 Qxf4 23. Na3 Nc4 24. Nxc4 Qxc4 25. Qe7 h6 26. Kh1 Qd5 27. a4
bxa4 28. Qb4 Re8 29. Qd4 Qb7 30. Qxa4 Re2 31. Qg4 Rxb2 32. Rd1 a5 33. Rd8+ Kh7
34. Rd1 g6 35. Ra1 h5 36. Qg5 Rb5 37. Qd2 Qc6 38. Rf1 Qc5 39. Re1 a4 40. Qd4
Qxd4 41. cxd4 a3 42. Kh2 a2 43. Ra1 Rb2 44. Kg3 Kg7 45. Kf4 Rxg2 46. Ke5 Rg5+
47. Kd6 Ra5 48. h4 g5 49. d5 gxh4 50. Ke7 Rxd5 51. Rxa2 Re5+ 52. Kd6 Re3 53.
Rg2+ Kf6 54. Rf2+ Kg5 55. Rxf7 h3 0-1

[Event "Frauenbundesliga 2016/2017"]
[Site "Wien / St. Veit / Jenbach"]
[Date "2017.03.24"]
[Round "3"]
[Board "2"]
[White "Repkova, Eva"]
[Black "Wu, Min"]
[Result "1-0"]
[WhiteElo "2329"]
[BlackElo "1907"]
[PlyCount "143"]
[EventDate "2017.01.14"]
[EventType "team"]
[EventRounds "7"]
[EventCountry "AUT"]
[WhiteTeam "ASVOE Pamhagen"]
[BlackTeam "Mayrhofen/SK Zell/Zillertal"]

1. e4 e5 2. Bc4 Nf6 3. d3 Bc5 4. Nf3 Nc6 5. O-O O-O 6. Nbd2 d6 7. c3 a6 8. Bb3
Ba7 9. h3 Ne7 10. Nh4 Ng6 11. Nf5 Be6 12. Nf3 d5 13. Qe2 Nf4 14. Bxf4 exf4 15.
N5d4 Bxd4 16. Nxd4 c5 17. Nxe6 fxe6 18. Qf3 Qd6 19. Rfe1 dxe4 20. dxe4 Qe5 21.
Rad1 b5 22. Rd2 Rad8 23. Qd1 Rxd2 24. Qxd2 f3 25. Bd1 fxg2 26. f4 Qc7 27. Bf3
Rd8 28. Qe3 c4 29. e5 Nd5 30. Qc1 Qc5+ 31. Kxg2 Rf8 32. Re4 Ne7 33. Qd2 Nf5 34.
Qf2 Qe7 35. Kh2 Rd8 36. Bg4 g6 37. Bxf5 gxf5 38. Rd4 Kf7 39. Qd2 Rxd4 40. Qxd4
Qh4 41. Kg2 Qe7 42. Kg3 Ke8 43. Qb6 Qg7+ 44. Kf2 Qd7 45. Kg3 Qg7+ 46. Kf2 Qd7
47. Qe3 Kd8 48. Qb6+ Ke8 49. Qe3 Kd8 50. Ke1 Qd5 51. Kf2 Qd7 52. a3 Ke8 53. Qe2
Kd8 54. a4 Kc7 55. Kg3 Kc8 56. a5 Kd8 57. h4 Ke8 58. Qf3 Kd8 59. h5 h6 60. Kg2
Qg7+ 61. Kh3 Qd7 62. Qa8+ Qc8 63. Qg2 Qc5 64. Qg8+ Ke7 65. Qg7+ Kd8 66. Qxh6
Qe3+ 67. Kh4 Qf2+ 68. Kg5 Kd7 69. Kf6 Qh4+ 70. Qg5 Qh2 71. h6 Qh3 72. Qg7+ 1-0

[Event "Frauenbundesliga 2016/2017"]
[Site "Wien / St. Veit / Jenbach"]
[Date "2017.03.24"]
[Round "3"]
[Board "3"]
[White "Konecny, Sophie"]
[Black "Hapala, Elisabeth"]
[Result "1/2-1/2"]
[WhiteElo "1820"]
[BlackElo "2091"]
[PlyCount "93"]
[EventDate "2017.01.14"]
[EventType "team"]
[EventRounds "7"]
[EventCountry "AUT"]
[WhiteTeam "Mayrhofen/SK Zell/Zillertal"]
[BlackTeam "ASVOE Pamhagen"]

1. d4 d5 2. c4 c6 3. Qb3 dxc4 4. Qxc4 Nf6 5. Nf3 Bg4 6. Nbd2 Nbd7 7. g3 e6 8.
Bg2 Be7 9. O-O O-O 10. Qc2 Rc8 11. Nb3 Qb6 12. Bf4 Bf5 13. Qd1 a5 14. Rc1 a4
15. Nbd2 Qxb2 16. Qxa4 Ra8 17. Qd1 Rxa2 18. e4 Nxe4 19. Rb1 Qa3 20. Rxb7 Ndf6
21. Nb1 Qa6 22. Rxe7 Nd5 23. Rd7 Nef6 24. Rxd5 cxd5 25. Nbd2 Bc2 26. Qc1 Rc8
27. Re1 Bd3 28. Qd1 Bc2 29. Qc1 Bd3 30. Qd1 h6 31. Bf1 Bxf1 32. Nxf1 Rcc2 33.
N3d2 Qd3 34. Be3 h5 35. h3 Qf5 36. Kg2 Nh7 37. Qf3 Qg6 38. Qf4 Nf6 39. Qb8+ Kh7
40. Qf4 Kg8 41. Qb8+ Kh7 42. Qf4 Qd3 43. Qg5 Kg8 44. Qf4 Kh7 45. Qg5 Kg8 46.
Qf4 Kh7 47. Qg5 1/2-1/2

[Event "Frauenbundesliga 2016/2017"]
[Site "Wien / St. Veit / Jenbach"]
[Date "2017.03.24"]
[Round "3"]
[Board "4"]
[White "Kosc, Renata"]
[Black "Roeck, Vanessa"]
[Result "1-0"]
[WhiteElo "1996"]
[BlackElo "1627"]
[PlyCount "65"]
[EventDate "2017.01.14"]
[EventType "team"]
[EventRounds "7"]
[EventCountry "AUT"]
[WhiteTeam "ASVOE Pamhagen"]
[BlackTeam "Mayrhofen/SK Zell/Zillertal"]

1. e4 d6 2. f4 g6 3. Nf3 Bg7 4. d4 Nf6 5. Nc3 O-O 6. Bc4 c6 7. e5 dxe5 8. fxe5
Nd5 9. O-O Bg4 10. h3 Bxf3 11. Qxf3 e6 12. Ne4 f5 13. Nd6 b5 14. Bb3 Na6 15.
Qf2 Rb8 16. c4 bxc4 17. Bxc4 Nac7 18. b3 Ne8 19. Ba3 Qd7 20. Bc5 Rd8 21. Rfc1
Nxd6 22. Bxd6 Rfe8 23. Bxd5 exd5 24. Rc5 Bf8 25. Bxf8 Rxf8 26. Rac1 Rc8 27. Qc2
Rfd8 28. Rxc6 Rxc6 29. Qxc6 Kf8 30. Qf6+ Kg8 31. e6 Qe8 32. Rc7 Qf8 33. Rf7 1-0

[Event "Frauenbundesliga 2016/2017"]
[Site "Wien / St. Veit / Jenbach"]
[Date "2017.03.24"]
[Round "3"]
[Board "1"]
[White "Kopinits, Anna-Christina"]
[Black "Novkovic, Julia"]
[Result "1-0"]
[WhiteElo "2282"]
[BlackElo "2162"]
[PlyCount "103"]
[EventDate "2017.01.14"]
[EventType "team"]
[EventRounds "7"]
[EventCountry "AUT"]
[WhiteTeam "ASVOE Wulkaprodersdorf"]
[BlackTeam "SK Dornbirn"]

1. d4 d5 2. Bf4 Nf6 3. e3 g6 4. c4 e6 5. Nc3 Bg7 6. Nf3 O-O 7. Qc2 c6 8. Be2
Nbd7 9. b3 b6 10. cxd5 exd5 11. O-O Bb7 12. Ne5 Nxe5 13. Bxe5 Qe7 14. Rfe1 Rfe8
15. Rad1 Ne4 16. Bxg7 Kxg7 17. Nxe4 dxe4 18. Qb2 Kg8 19. b4 Rad8 20. Rc1 Rd6
21. Rc2 Qg5 22. Qa3 Ra8 23. Rec1 Qd8 24. g3 a5 25. b5 Rc8 26. Qb3 cxb5 27. Qxb5
Rxc2 28. Rxc2 Bd5 29. Bc4 Rc6 30. Bb3 Rxc2 31. Bxc2 Qc8 32. Bb3 Bxb3 33. axb3
Qc2 34. Kg2 f5 35. Qxb6 Qd1 36. Qxa5 Qf3+ 37. Kf1 Qd1+ 38. Qe1 Qxb3 39. Qc1
Qd3+ 40. Kg2 Qe2 41. Qc8+ Kf7 42. Qc7+ Ke6 43. Qe5+ Kd7 44. Qf4 h5 45. h3 Ke7
46. g4 hxg4 47. hxg4 Kf6 48. gxf5 gxf5 49. d5 Qd2 50. Qh6+ Ke7 51. Qe6+ Kd8 52.
d6 1-0

[Event "Frauenbundesliga 2016/2017"]
[Site "Wien / St. Veit / Jenbach"]
[Date "2017.03.24"]
[Round "3"]
[Board "2"]
[White "Froewis, Annika"]
[Black "Newrkla, Katharina"]
[Result "1/2-1/2"]
[WhiteElo "2087"]
[BlackElo "2188"]
[PlyCount "37"]
[EventDate "2017.01.14"]
[EventType "team"]
[EventRounds "7"]
[EventCountry "AUT"]
[WhiteTeam "SK Dornbirn"]
[BlackTeam "ASVOE Wulkaprodersdorf"]

1. e4 c5 2. Nf3 d6 3. d4 cxd4 4. Nxd4 Nf6 5. Nc3 a6 6. Be3 e5 7. Nb3 Be7 8. f3
Be6 9. Qd2 O-O 10. O-O-O a5 11. Bb5 Na6 12. Kb1 Nc7 13. Bb6 Qc8 14. Ba4 Ra6 15.
Qf2 Na8 16. Be3 Nc7 17. Bb6 Na8 18. Be3 Nc7 19. Bb6 1/2-1/2

[Event "Frauenbundesliga 2016/2017"]
[Site "Wien / St. Veit / Jenbach"]
[Date "2017.03.24"]
[Round "3"]
[Board "3"]
[White "Boric, Elena"]
[Black "Kurapova, Olga"]
[Result "1/2-1/2"]
[WhiteElo "2204"]
[BlackElo "1950"]
[PlyCount "79"]
[EventDate "2017.01.14"]
[EventType "team"]
[EventRounds "7"]
[EventCountry "AUT"]
[WhiteTeam "ASVOE Wulkaprodersdorf"]
[BlackTeam "SK Dornbirn"]

1. e4 e5 2. Nf3 Nf6 3. Nxe5 d6 4. Nf3 Nxe4 5. d4 d5 6. Bd3 Nc6 7. O-O Nb4 8.
Be2 Be7 9. c4 dxc4 10. Bxc4 c6 11. Nc3 Nd6 12. Bb3 Bf5 13. Bf4 Nd3 14. Bg3 O-O
15. Qd2 b5 16. Rfd1 Nc4 17. Bxc4 bxc4 18. Ne5 Bg5 19. Qe2 Re8 20. Qf3 Nxe5 21.
dxe5 Qc8 22. Rd6 Bd3 23. Qxc6 Rb8 24. h4 Bd2 25. Qxc8 Rexc8 26. Nd5 Re8 27. b3
c3 28. Bf4 Rbc8 29. Ne3 c2 30. Rxd3 c1=Q+ 31. Rxc1 Rxc1+ 32. Kh2 Bxe3 33. Bxe3
Rc2 34. Bxa7 Rxa2 35. Bc5 h6 36. Rd5 Re2 37. b4 R2xe5 38. Rd3 Re4 39. g3 Rc4
40. Kg2 1/2-1/2

[Event "Frauenbundesliga 2016/2017"]
[Site "Wien / St. Veit / Jenbach"]
[Date "2017.03.24"]
[Round "3"]
[Board "4"]
[White "Pilsan, Martha"]
[Black "Tschida, Verena"]
[Result "1-0"]
[WhiteElo "1651"]
[BlackElo "1580"]
[PlyCount "55"]
[EventDate "2017.01.14"]
[EventType "team"]
[EventRounds "7"]
[EventCountry "AUT"]
[WhiteTeam "SK Dornbirn"]
[BlackTeam "ASVOE Wulkaprodersdorf"]

1. e4 c5 2. Nf3 Nc6 3. d4 cxd4 4. Nxd4 g6 5. Nc3 Bg7 6. Be3 d6 7. Qd2 Nf6 8. f3
O-O 9. O-O-O Nxd4 10. Bxd4 Be6 11. g4 Qa5 12. a3 a6 13. Qe3 Rac8 14. Bb6 Qe5
15. f4 Nxg4 16. fxe5 Nxe3 17. Bxe3 Bxe5 18. Bd4 Bf4+ 19. Kb1 Bg4 20. Be2 Bh3
21. Nd5 Bg5 22. Rhg1 h6 23. Rxg5 hxg5 24. Nxe7+ Kh7 25. Nxc8 Rxc8 26. Bf6 Re8
27. Rxd6 Rxe4 28. Rd8 1-0

[Event "Frauenbundesliga 2016/2017"]
[Site "Wien / St. Veit / Jenbach"]
[Date "2017.03.24"]
[Round "3"]
[Board "1"]
[White "Wunderl, Eva"]
[Black "Rozman, Monika"]
[Result "1/2-1/2"]
[WhiteElo "1880"]
[BlackElo "2135"]
[PlyCount "75"]
[EventDate "2017.01.14"]
[EventType "team"]
[EventRounds "7"]
[EventCountry "AUT"]
[WhiteTeam "Schach ohne Grenzen"]
[BlackTeam "SV Chesshero Rapid Feffernitz"]

1. e4 c5 2. Nf3 d6 3. Bb5+ Bd7 4. Bxd7+ Qxd7 5. O-O Nf6 6. Re1 e6 7. c3 Nc6 8.
d4 cxd4 9. cxd4 d5 10. e5 Ne4 11. Nbd2 Nxd2 12. Bxd2 Be7 13. Rc1 O-O 14. Bg5
Bb4 15. Bd2 Be7 16. Bg5 Rfc8 17. Bxe7 Qxe7 18. Qd2 Rc7 19. Rc3 Rac8 20. Rec1
Nd8 21. h3 Rxc3 22. Rxc3 Rxc3 23. Qxc3 Nc6 24. a3 h6 25. g3 Qd8 26. Nd2 Qb6 27.
Nb3 Qb5 28. Kg2 Qe2 29. Nd2 Qb5 30. h4 Qe2 31. Qe3 Qg4 32. Nf3 Ne7 33. Qc3 Ng6
34. Qc8+ Kh7 35. Qc2 Kg8 36. Qc8+ Kh7 37. Qc2 Kg8 38. Qc8+ 1/2-1/2

[Event "Frauenbundesliga 2016/2017"]
[Site "Wien / St. Veit / Jenbach"]
[Date "2017.03.24"]
[Round "3"]
[Board "2"]
[White "Zoehrer, Sarah"]
[Black "Roos, Karin"]
[Result "1/2-1/2"]
[WhiteElo "1717"]
[BlackElo "1820"]
[PlyCount "62"]
[EventDate "2017.01.14"]
[EventType "team"]
[EventRounds "7"]
[EventCountry "AUT"]
[WhiteTeam "SV Chesshero Rapid Feffernitz"]
[BlackTeam "Schach ohne Grenzen"]

1. e4 d6 2. Nc3 Nf6 3. Bc4 g6 4. d3 Bg7 5. f4 Nc6 6. Be3 Ng4 7. Bd2 a6 8. h3
Nf6 9. g4 b5 10. Bb3 Nd4 11. Nf3 Nxb3 12. axb3 Bb7 13. Qc1 Nd7 14. f5 Ne5 15.
Nxe5 Bxe5 16. Bf4 e6 17. Bxe5 dxe5 18. fxe6 Qh4+ 19. Ke2 fxe6 20. Qe3 O-O 21.
Raf1 Rxf1 22. Rxf1 Qe7 23. Qg3 Qg7 24. Qf3 Rd8 25. Qf6 Re8 26. Qxg7+ Kxg7 27.
g5 c5 28. Ke3 Bc6 29. Ra1 Ra8 30. Rf1 Re8 31. Ra1 Ra8 1/2-1/2

[Event "Frauenbundesliga 2016/2017"]
[Site "Wien / St. Veit / Jenbach"]
[Date "2017.03.24"]
[Round "3"]
[Board "3"]
[White "Bauer, Marie-Christine"]
[Black "Tscharnuter, Alexandra"]
[Result "1-0"]
[WhiteElo "1867"]
[BlackElo "1686"]
[PlyCount "127"]
[EventDate "2017.01.14"]
[EventType "team"]
[EventRounds "7"]
[EventCountry "AUT"]
[WhiteTeam "Schach ohne Grenzen"]
[BlackTeam "SV Chesshero Rapid Feffernitz"]

1. e4 e5 2. Nf3 Nc6 3. d4 exd4 4. Nxd4 Qf6 5. Nb5 Bc5 6. Qe2 Bb6 7. N1c3 d6 8.
Nd5 Qd8 9. Be3 Ba5+ 10. Bd2 Bb6 11. Bc3 Nf6 12. Bxf6 gxf6 13. Qf3 Nd4 14. Nxd4
Bxd4 15. c3 Be5 16. Qh5 c6 17. Ne3 Be6 18. Qh6 Qe7 19. f4 O-O-O 20. fxe5 dxe5
21. Be2 Kb8 22. Nf5 Bxf5 23. exf5 e4 24. Qe3 Rhe8 25. O-O Rd5 26. Rad1 Re5 27.
b4 Rg8 28. Rf4 Rg5 29. Bg4 h5 30. Bh3 Rg8 31. Rd4 Re8 32. g3 c5 33. bxc5 Qxc5
34. Bg2 Rxf5 35. Rxf5 Qxf5 36. Rxe4 Rxe4 37. Qxe4 Qc5+ 38. Kh1 Qb5 39. Qf4+ Kc8
40. Bh3+ Kd8 41. Qxf6+ Ke8 42. Qf5 Qb2 43. Qe4+ Kd8 44. Qd4+ Kc7 45. Qd7+ Kb6
46. Qd6+ Ka5 47. Qc5+ Qb5 48. Qxa7+ Qa6 49. Qxa6+ Kxa6 50. Bc8 Kb6 51. Kg2 Kc6
52. Kh3 b6 53. Kh4 Kc5 54. Ba6 Kd5 55. Kxh5 Ke5 56. Kg5 f6+ 57. Kg6 Ke6 58. h4
Ke7 59. Kg7 Ke6 60. h5 Kf5 61. h6 Kg5 62. h7 f5 63. h8=Q Kg4 64. Qh4+ 1-0

[Event "Frauenbundesliga 2016/2017"]
[Site "Wien / St. Veit / Jenbach"]
[Date "2017.03.24"]
[Round "3"]
[Board "4"]
[White "Sommer, Milena"]
[Black "Moerwald, Magdalena"]
[Result "0-1"]
[WhiteElo "1662"]
[BlackElo "1754"]
[PlyCount "112"]
[EventDate "2017.01.14"]
[EventType "team"]
[EventRounds "7"]
[EventCountry "AUT"]
[WhiteTeam "SV Chesshero Rapid Feffernitz"]
[BlackTeam "Schach ohne Grenzen"]

1. e4 c6 2. d4 d5 3. exd5 cxd5 4. Nf3 Bg4 5. Be2 Nc6 6. O-O Nf6 7. Nc3 g6 8. h3
Bf5 9. Bg5 Bg7 10. Re1 O-O 11. Bd3 Bxd3 12. Qxd3 e6 13. Rad1 a6 14. a3 Qc7 15.
Qe3 Na5 16. Ne5 Nd7 17. Nxd7 Qxd7 18. b3 Rac8 19. Qd2 Qc7 20. Na4 b6 21. Rc1
Rfe8 22. Qd3 Qa7 23. Bf4 Bf8 24. Ra1 b5 25. Nb2 b4 26. axb4 Bxb4 27. Bd2 Bxd2
28. Qxd2 Nc6 29. c3 Rb8 30. Qc2 Rec8 31. Na4 Nxd4 32. Qd3 Nxb3 33. Rab1 Nc5 34.
Nxc5 Qxc5 35. Rxb8 Rxb8 36. Qxa6 Qxc3 37. Qe2 Rb4 38. Qd1 Qd4 39. Qxd4 Rxd4 40.
Kf1 Rd2 41. g3 Kg7 42. Kg2 Kf6 43. Kf3 e5 44. Ke3 Ra2 45. Rb1 Ra3+ 46. Ke2 Ra6
47. Rb5 d4 48. Kd3 Ke6 49. g4 Ra3+ 50. Ke2 Rxh3 51. Rb6+ Kd5 52. f3 d3+ 53. Ke3
d2 54. Rb5+ Kc4 55. Rb1 Kc3 56. Rd1 Rh2 0-1

[Event "Frauenbundesliga 2016/2017"]
[Site "Wien / St. Veit / Jenbach"]
[Date "2017.03.24"]
[Round "3"]
[Board "1"]
[White "Trippold, Denise"]
[Black "Richterova, Natasa"]
[Result "1/2-1/2"]
[WhiteElo "2064"]
[BlackElo "2210"]
[PlyCount "175"]
[EventDate "2017.01.14"]
[EventType "team"]
[EventRounds "7"]
[EventCountry "AUT"]
[WhiteTeam "SK Baden"]
[BlackTeam "Spg. Steyr"]

1. d4 d5 2. c4 c6 3. Nf3 Nf6 4. g3 Bf5 5. Bg2 Nbd7 6. Nc3 dxc4 7. O-O e6 8. Nh4
Bg6 9. e4 Nb6 10. Nxg6 hxg6 11. Be3 Be7 12. Qe2 O-O 13. Rad1 Qc7 14. Bf4 Qd7
15. Bf3 Rfe8 16. h4 Rad8 17. Kg2 Nh7 18. Rh1 Qc8 19. e5 Nd5 20. Qxc4 Nxc3 21.
bxc3 Nf8 22. Bg5 Nd7 23. Qe2 Qc7 24. Bxe7 Rxe7 25. h5 g5 26. Qe3 f6 27. h6 Rf8
28. Rh2 g6 29. exf6 Rxf6 30. Bg4 Kh7 31. Qxg5 Ref7 32. f4 Qb6 33. Kh3 c5 34. d5
exd5 35. Qxd5 Nf8 36. Re2 Qa5 37. Qe5 Kxh6 38. Rh2 Qc7 39. Qg5+ Kg7 40. Kg2 Nh7
41. Rxh7+ Kxh7 42. Rh1+ Kg8 43. Qh4 Kf8 44. Qh8+ Ke7 45. Re1+ Kd6 46. Rd1+ Ke7
47. Re1+ Kd6 48. Rd1+ Ke7 49. Rd7+ Qxd7 50. Bxd7 Kxd7 51. Qb8 b6 52. Qxa7+ Kc6
53. Qa4+ Kc7 54. Qc4 Rd7 55. a4 Rc6 56. Kf3 Kd8 57. Kg4 Kc7 58. Kg5 Rdd6 59. g4
Kb7 60. f5 gxf5 61. gxf5 Kc7 62. Qf7+ Rd7 63. Qf8 Kb7 64. Qg8 Rdd6 65. Qf7+ Rc7
66. Qf8 Rdd7 67. f6 Rc6 68. Qg8 Rcc7 69. Qe6 Ka7 70. Kf5 Kb7 71. Qe8 Rf7 72.
Ke6 Rh7 73. Kd5 Rhf7 74. Ke6 Rh7 75. Kd5 Rhf7 76. Qe6 Ka7 77. Kc4 Ka6 78. Qd6
Rh7 79. Qd8 Kb7 80. Kb5 c4 81. Qd5+ Ka7 82. Qd6 Rc5+ 83. Kb4 Rcc7 84. Qd4 Ka6
85. Qe4 Ka7 86. Qd4 Ka6 87. Qe4 Ka7 88. Qd4 1/2-1/2

[Event "Frauenbundesliga 2016/2017"]
[Site "Wien / St. Veit / Jenbach"]
[Date "2017.03.24"]
[Round "3"]
[Board "2"]
[White "Saler-Grafenberger, Elisabeth"]
[Black "Stallinger, Vanessa"]
[Result "1-0"]
[WhiteElo "1918"]
[BlackElo "1852"]
[PlyCount "117"]
[EventDate "2017.01.14"]
[EventType "team"]
[EventRounds "7"]
[EventCountry "AUT"]
[WhiteTeam "Spg. Steyr"]
[BlackTeam "SK Baden"]

1. c4 c5 2. Nc3 Nc6 3. g3 Nf6 4. Bg2 d6 5. Nf3 g6 6. O-O Bg7 7. a3 O-O 8. Rb1
a5 9. d3 Bd7 10. Bg5 Qc8 11. Bxf6 Bxf6 12. Nd5 Qd8 13. Nxf6+ exf6 14. Qd2 Qc8
15. Qf4 Qc7 16. Qxf6 Rae8 17. e3 Bf5 18. Rfd1 Ne5 19. Nxe5 dxe5 20. Bd5 Rd8 21.
b4 cxb4 22. axb4 a4 23. b5 a3 24. b6 Qb8 25. e4 Bg4 26. Rd2 Qc8 27. Qxe5 Rfe8
28. Qf6 Rd7 29. Qc3 Bf3 30. Qf6 Rxd5 31. Qxf3 Ra5 32. Ra2 Qc5 33. Qf6 Ra4 34.
Rb5 Qf8 35. Rb3 Rea8 36. Qc3 Qc5 37. Rb5 Qc6 38. Qb3 Qf6 39. e5 Qg5 40. f4 Qd8
41. Rd5 Qe7 42. Rd6 g5 43. d4 gxf4 44. gxf4 Kh8 45. Rh6 Qf8 46. Rh3 Rb4 47. Qd3
Qg7+ 48. Rg3 Qh6 49. Rxa3 Rc8 50. Qf5 Rbxc4 51. Qf6+ Qxf6 52. exf6 Rxd4 53. Rg7
Rcd8 54. Rxf7 Rxf4 55. Ra7 Rb8 56. Raxb7 Rg4+ 57. Kf2 Rxb7 58. Rxb7 Kg8 59.
Rg7+ 1-0

[Event "Frauenbundesliga 2016/2017"]
[Site "Wien / St. Veit / Jenbach"]
[Date "2017.03.24"]
[Round "3"]
[Board "3"]
[White "Lymysalo, Venla"]
[Black "Molnar, Monika"]
[Result "1-0"]
[WhiteElo "1800"]
[BlackElo "1823"]
[PlyCount "95"]
[EventDate "2017.01.14"]
[EventType "team"]
[EventRounds "7"]
[EventCountry "AUT"]
[WhiteTeam "SK Baden"]
[BlackTeam "Spg. Steyr"]

1. d4 d5 2. c4 e6 3. Nc3 Nf6 4. cxd5 exd5 5. Bg5 Be7 6. e3 O-O 7. Qc2 h6 8. Bh4
c6 9. Bd3 Re8 10. Nf3 Nbd7 11. O-O Bd6 12. Rfc1 Nf8 13. Rab1 Qe7 14. Na4 Bg4
15. Bg3 Bxg3 16. hxg3 N8d7 17. b4 Ne4 18. b5 Rac8 19. bxc6 Rxc6 20. Qb2 Rxc1+
21. Rxc1 Bxf3 22. gxf3 Nxg3 23. Re1 Nh5 24. Qxb7 Nf4 25. Bf5 Qg5+ 26. Bg4 Nf6
27. Qb1 Nxg4 28. exf4 Rxe1+ 29. Qxe1 Qxf4 30. fxg4 Qxg4+ 31. Kf1 Qxd4 32. Nc3
Qc4+ 33. Kg2 Qc6 34. f3 d4 35. Ne4 f5 36. Nf2 h5 37. Qe5 Qg6+ 38. Kf1 Qa6+ 39.
Kg2 Qg6+ 40. Kf1 h4 41. Qf4 Qf6 42. Qb8+ Kh7 43. Qxa7 Kh6 44. a4 g5 45. a5 g4
46. Qb6 Qxb6 47. axb6 h3 48. b7 1-0

[Event "Frauenbundesliga 2016/2017"]
[Site "Wien / St. Veit / Jenbach"]
[Date "2017.03.24"]
[Round "3"]
[Board "4"]
[White "Bernhard, Julia"]
[Black "Berger, Lisa"]
[Result "1-0"]
[WhiteElo "1818"]
[BlackElo "1643"]
[PlyCount "31"]
[EventDate "2017.01.14"]
[EventType "team"]
[EventRounds "7"]
[EventCountry "AUT"]
[WhiteTeam "Spg. Steyr"]
[BlackTeam "SK Baden"]

1. e4 c5 2. Nf3 e6 3. c3 Qc7 4. d4 cxd4 5. cxd4 Nf6 6. Bd3 Bb4+ 7. Bd2 Bxd2+ 8.
Nbxd2 Nc6 9. e5 Nd5 10. Nc4 O-O 11. O-O a6 12. Bxh7+ Kh8 13. Be4 Qd8 14. h4 f6
15. Bg6 Nce7 16. Ng5 1-0

[Event "Frauenbundesliga 2016/2017"]
[Site "Wien / St. Veit / Jenbach"]
[Date "2017.03.24"]
[Round "3"]
[Board "1"]
[White "Kolba, Anastasiya"]
[Black "Schloffer, Jasmin-Denise"]
[Result "1-0"]
[WhiteElo "1989"]
[BlackElo "1937"]
[PlyCount "83"]
[EventDate "2017.01.14"]
[EventType "team"]
[EventRounds "7"]
[EventCountry "AUT"]
[WhiteTeam "tschaturanga"]
[BlackTeam "Spg. Feldbach-Kirchberg"]

1. e4 e5 2. Nf3 Nc6 3. Bc4 Bc5 4. c3 Nf6 5. b4 Bb6 6. d3 O-O 7. a4 a6 8. O-O d5
9. exd5 Nxd5 10. Qb3 Nf4 11. Bxf4 exf4 12. a5 Ba7 13. Nbd2 Bg4 14. Rfe1 Qf6 15.
h3 Bf5 16. d4 Rae8 17. Rxe8 Rxe8 18. Re1 Rxe1+ 19. Nxe1 Qg6 20. Kh2 Nd8 21.
Nef3 Qh5 22. b5 g5 23. Kg1 Qg6 24. Ne5 Qf6 25. Ndf3 h5 26. bxa6 bxa6 27. Qa4 c6
28. Bd3 g4 29. hxg4 hxg4 30. Bxf5 Qxf5 31. Nd2 Qe6 32. Qc4 Qf5 33. Qxa6 Qc2 34.
Nf1 g3 35. fxg3 fxg3 36. Nxg3 Qxc3 37. Qxa7 Qxg3 38. Nf3 Ne6 39. Qa8+ Kg7 40.
Qxc6 Qg6 41. a6 Nf4 42. Qxg6+ 1-0